书目信息 |
| 题名: |
世界心理学名著导读手册
|
|
| 作者: | 卢大振 , 华蕾蕾 主编 | |
| 分册: | ||
| 出版信息: | 北京 中国城市出版社 2002 |
|
| 页数: | 453页 | |
| 开本: | 21cm | |
| 丛书名: | 青年必读名著丛书 | |
| 单 册: | ||
| 中图分类: | Z88:B84 , Z88 | |
| 科图分类: | ||
| 主题词: | 心理学--著作--内容提要--世界--青年读物 | |
| 电子资源: | ||
| ISBN: | 7-5074-1437-X | |
| 000 | 00923oam2 2200265 450 | |
| 001 | 1556660308 | |
| 005 | 20150125154330.48 | |
| 010 | @a7-5074-1437-X@dCNY24.80 | |
| 100 | @a20021028d2002----em-y0chiy0110----ea | |
| 101 | 0 | @achi |
| 102 | @aCN@b110000 | |
| 105 | @ay---z---000yy | |
| 200 | 1 | @a世界心理学名著导读手册@9shi jie xin li xue ming zhu dao du shou ce@f卢大振,华蕾蕾主编 |
| 210 | @a北京@c中国城市出版社@d2002 | |
| 215 | @a453页@d21cm | |
| 225 | 2 | @a青年必读名著丛书 |
| 330 | @a本书重点介绍19世纪末至20世纪以来人类最伟大的心理学家在研究心理学方面的论著成果,其中包括弗洛伊德的《梦的解析》《性欲之论》,荣格的《现代灵魂的自我拯救》等。 | |
| 461 | 0 | @12001 @a青年必读名著丛书 |
| 606 | 0 | @a心理学@x著作@x内容提要@y世界@j青年读物 |
| 690 | @aZ88:B84@v5 | |
| 690 | @aZ88@v4 | |
| 701 | 0 | @a卢大振@9lu da zhen@4主编 |
| 701 | 0 | @a华蕾蕾@9hua lei lei@4主编 |
| 801 | 0 | @aCN@bTSSF@c20150125 |
| 905 | @aZUCC@dZ88@eJY3 | |
| 世界心理学名著导读手册/卢大振,华蕾蕾主编.-北京:中国城市出版社,2002 |
| 453页;21cm.-(青年必读名著丛书) |
| ISBN 7-5074-1437-X:CNY24.80 |
| 本书重点介绍19世纪末至20世纪以来人类最伟大的心理学家在研究心理学方面的论著成果,其中包括弗洛伊德的《梦的解析》《性欲之论》,荣格的《现代灵魂的自我拯救》等。 |
| ● |
| 相关链接 |
|
|
|
|
正题名:世界心理学名著导读手册
索取号:Z88/JY3
 
预约/预借
| 序号 | 登录号 | 条形码 | 馆藏地/架位号 | 状态 | 备注 |
| 1 | 7858572 | 278585728 | 学院路分馆/ [索取号:Z88/JY3] | 在馆 |